Clubs de Ligue des champions - Statistiques

Statistiques générales
  • Ce quiz a été pris 188 fois
  • Le résultat moyen est 28 sur 32
Statistiques - réponses
Par images Réponse % Correct
Barçelone
100%
Paris SG
100%
Bayern Munich
99%
Juventus
99%
Liverpool
99%
Manchester City
99%
Marseille
99%
Real Madrid
99%
Chelsea
97%
Naples
97%
Atletico Madrid
96%
Porto
96%
AC Milan
95%
Inter Milan
95%
Dortmund
93%
Sporting
93%
Ajax Amsterdam
92%
Leipzig
90%
Seville
90%
Tottenham Hotspur
90%
Benfica
85%
Celtic
85%
Leverkusen
82%
Bruges
81%
Chakhtar Donetsk
80%
Salzbourg
79%
Dynamo Zagreb
77%
Francfort
77%
Rangers
72%
Copenhague
66%
Maccabi Haïfa
53%
Viktoria Plzen
50%
Aucun quiz correspondant
Distribution des résultats
% des personnes avec chaque résultat
Percentile par nombre de réponses
Votre historique - résultats
Vous n’avez pas pris ce quiz